| 000 | 01731nam a2200397 i 4500 | ||
|---|---|---|---|
| 003 | CO-BoRNBP | ||
| 005 | 20230504163451.0 | ||
| 007 | ta | ||
| 008 | 211025s2021 ck a ||jr6||| 00| 1 spa d | ||
| 020 | _a9789586656856 | ||
| 040 |
_aCO-BoRNBP _bspa _erda _cCO-BoRNBP |
||
| 041 | 0 | _aspa | |
| 043 | _as-ck--- | ||
| 084 | _aNG LAU5 | ||
| 100 | 1 |
_aLaurent Meremans, Muriel _eautora _91675 |
|
| 245 | 1 | 3 |
_aEl antagonista _buna historia de contrabando y color. Novela gráfica _c investigación y textos Muriel Laurent ; adaptación Rubén Egea ; dibujo y color Alberto Vega |
| 250 | _aEdición especial | ||
| 264 | 1 |
_aBogotá, Colombia _bSiglo del Hombre Editores _bUniversidad de Los Andes, Facultad de Ciencias Sociales, Departamento de Historia _c2021 |
|
| 300 |
_a118 páginas _bilustraciones a color _c24 cm |
||
| 336 |
_atexto _btxt _2rdacontent |
||
| 337 |
_asin mediación _bn _2rdamedia |
||
| 338 |
_avolumen _bnc _2rdacarrier |
||
| 490 | 0 | _aPlan Nacional de Lectura y Escritura Leer es mi Cuento / Ministerio de Cultura | |
| 504 | _aIncluye referencias bibliográficas | ||
| 521 | _aRecomendado para un público mayor de 15 años | ||
| 545 | _aIncluye datos biográficos de la autora, adaptador e ilustrador al final del texto | ||
| 650 | 1 | 7 |
_aNovela gráfica colombiana _ySiglo XX _2LEMB _91676 |
| 650 | 1 | 7 |
_aLiteratura colombiana _ySiglo XX _2LEMB _9427 |
| 650 | 1 | 7 |
_aAutores colombianos _ySiglo XX _2LEMB _9428 |
| 650 | 1 | 7 |
_aComerciantes _vNovela gráfica _2LEMB _91677 |
| 650 | 1 | 7 |
_aContrabando _xHistoria _ySiglo XIX _vNovela gráfica _2LEMB _91678 |
| 651 | 4 |
_aMompox (Bolívar, Colombia) _vNovela gráfica _91679 |
|
| 700 | 1 |
_aEgea, Rubén _eadaptador _91680 |
|
| 700 | 1 |
_aVega, Alberto _eilustrador _91681 |
|
| 942 | _cBKLIT | ||
| 999 |
_c9468 _d9468 |
||